National industrial and distribution report (Record no. 113375)

MARC details
000 -LEADER
fixed length control field 01265cad a22002175a 4500
001 - CONTROL NUMBER
control field L155182
008 - FIXED-LENGTH DATA ELEMENTS--GENERAL INFORMATION
fixed length control field 120308s2012 xxkad f s 000 0 eng d
035 ## - SYSTEM CONTROL NUMBER
System control number (Sirsi) u155182
041 0# - LANGUAGE CODE
Language code of text/sound track or separate title eng
110 2# - MAIN ENTRY--CORPORATE NAME
Corporate name or jurisdiction name as entry element Lambert Smith Hampton
9 (RLIN) 2865
245 00 - TITLE STATEMENT
Title National industrial and distribution report
Remainder of title 2012
Medium [electronic resource]
260 ## - PUBLICATION, DISTRIBUTION, ETC.
Place of publication, distribution, etc. [S.l.]
Name of publisher, distributor, etc. Lambert Smith Hampton
Date of publication, distribution, etc. 2012
490 #0 - SERIES STATEMENT
Series statement Lambert Smith Hampton National Industrial and Distribution Report
Volume/sequential designation 2012
520 ## - SUMMARY, ETC.
Summary, etc. Take-up in the industrial and distribution market remained relatively buoyant in 2011 but the distribution warehousemarket saw activity levels fall by 15%. Greater London and the South East saw the greatest improvements in take-up. Overall availability rate edged down to 10.2% (10.3% end 2010). The supply of grade A space continued to tighten, falling to its lowest level in five years. Speculative development has been at a low ebb through 2010/11.The market is tipping back in favour of landlords.
590 ## - LOCAL NOTE (RLIN)
Local note KA NTK
650 24 - SUBJECT ADDED ENTRY--TOPICAL TERM
Topical term or geographic name entry element LAMBERT SMITH HAMPTON NATIONAL INDUSTRIAL AND DISTRIBUTION REPORT
651 #4 - SUBJECT ADDED ENTRY--GEOGRAPHIC NAME
Geographic name United Kingdom
690 ## - LOCAL SUBJECT ADDED ENTRY--TOPICAL TERM (OCLC, RLIN)
Topical term or geographic name as entry element Commercial property
9 (RLIN) 6227
856 40 - ELECTRONIC LOCATION AND ACCESS
Uniform Resource Identifier <a href="https://www.lsh.co.uk/pages/research_list.asp">https://www.lsh.co.uk/pages/research_list.asp</a>
Public note View the report at www.lsh.co.uk
942 ## - ADDED ENTRY ELEMENTS (KOHA)
Suppress in OPAC 0
Holdings
Withdrawn status Lost status Source of classification or shelving scheme Damaged status Not for loan Home library Current library Shelving location Date acquired Total Checkouts Full call number Barcode Date last seen Copy number Price effective from Koha item type
    Dewey Decimal Classification     Virtual Virtual Online 08/03/2012   ONLINE PUBLICATION 155182-2001 06/08/2019 1 06/08/2019 Book